LOTR: Merry Brandybuck - Statistics

General Stats
  • This quiz has been taken 48 times
  • The average score is 9 of 17
Answer Stats
Answer % Correct
his first cousin and best friend Pippin Took
100%
To which ruler did Merry offer his service during the War of the ring King Théoden of Rohan
95%
his real first name Meriadoc
95%
With whom did Merry ride to the Battle of the Pelennor Fields Dernhelm
93%
In which body part did Merry strike the Witch-King with his Barrow-blade his knee
81%
Where does Merry live before leaving the Shire on his quest Brandy Hall, Buckland
62%
Where was Merry buried Rath Dínen in Minas Tirith
60%
Where did Merry recover from the Black Breath after the battle. the Houses of Healing in Minas Tirith
50%
The gift Galadriel presented specifically to Merry when the Fellowship departed from Lothlorien a silver belt
48%
What was the gift from the lady Éowyn to Merry upon his departure for the Shire? It was later used in the Battle of Bywater. The Horn of the Mark
48%
The actor who played Merry in Peter Jackson's trilogy Dominic Monaghan
43%
his father Saradoc Brandybuck
40%
The name of his pony which was lent to him by the ruler above Stybba
29%
the title he inherited from his father Master of Buckland
26%
What was Merry's epithet under the title of the previous question the Magnificent
24%
his mother Esmeralda Took
17%
his wife Estella Bolger
17%
No matching quizzes found
Score Distribution
Percent of People with Each Score
Percentile by Number Answered
Your Score History
You have not taken this quiz